| 000 | 00392nam a22001577a 4500 | ||
|---|---|---|---|
| 020 | _a978-81-7381-847 | ||
| 082 |
_a823 _bWEB/D |
||
| 100 | _aWEBSTER, JEAN | ||
| 245 |
_aDADDY- LONG-LEGS _bSHORT STORY |
||
| 246 |
_aDADDY- LONG-LEGS _bSHORT STORY |
||
| 260 |
_aKOLKATA _bNEW CENTRAL BOOK AGENCY (p) LTD _c2013 |
||
| 300 | _a131 | ||
| 520 | _aSHORT STORY | ||
| 650 | _aSHORT STORY | ||
| 942 | _cBK | ||
| 999 |
_c2939 _d2939 |
||